01535nam a22001937a 4500003000900000008004100009040007100050082001800121110003000139245004000169260003600209300002100245505097300266700002201239700002001261700002201281700001701303700002101320AR-CdUCM190326b ||||| |||| 00| 0 spa d aMUNICIPALIDAD PROVINCIAL DEL CUSCOcBIBLIOTECA MUNICIPAL DEL CUSCO a838.9 /bT253 aTeatro ediciones Losange  aPublicación teatral periódica / aBuenos Aires :bLosange,c1956. a12 tomosc20 cm. aContenido: t.1: Madre coraje, El jugador, Te y simpatía, La zorra y las uvas -- t.2: Pasión de Florencio Sanchez, El arpa de pasto, Sangre verde, El árbol de los linden -- t.3: El reloj de Baltasar, Los patriotas, Soluna, Corazón ardiente -- t.4: Lo que no fue, La loca de chaillot, Vestir al desnudo, La otra madre -- t.5: El mago, Recuerdo a mamá, Los traidores, Mundo quebrado -- t.6: Cántico en la hoguera, El magnifico yanqui, Noche de guerra en el museo del Prado, Larga noche de Medea -- t.7: Zamora, Galileo Galilei, Facundo en la ciudadela, La chinche -- t.8: Los sais días, Uniforme blanco, Heredaras el viento, Un verano en Nohant -- t.9: Un amante en la ciudad, Melisa, Siegfried, Beatriz Cenci -- t.10: Mariano Moreno, El mal corre, Ornifle, La opera de dos centavos -- t.11: Enrique IV, Tupac Amaru, Ardele, El capitan de Kopenick -- t.12: La rebelión contra los pobres, Arlequinada, El diario de Ana Frank, El circulo de Tiza Caucasiano. aJimenez, Wilfredo aBrecht, Bertolt aGorostiza, Carlos aCoward, Noel aChesterton, G, K